| 000 | 00405nam a2200157Ia 4500 | ||
|---|---|---|---|
| 008 | 120926t1987 xxu||||| |||| 00| 0 sin d | ||
| 041 | _asin | ||
| 080 |
_a8 S (3 - 053. 2) (28) (Yo _bth) |
||
| 245 | _aපාළු දූපත | ||
| 246 | _aPalu Dupatha | ||
| 260 |
_aM. D. Gunasena _aColombo _c1987 |
||
| 300 | _b139p, 18 cm | ||
| 942 | _cBK | ||
| 999 |
_c39830 _d39830 |
||
| 003 | LK-CoDNM | ||
| 040 |
_aLK-CoDNM _dLK-CoDNM _eLK-CoDNM |
||